000 00364pab a2200157 454500
008 180718b2009 xxu||||| |||| 00| 0 eng d
100 _aVinay Kumar
245 _aDesign pedagogy: shaping the world
260 _c2009
300 _ap.20-22.
362 _a12 Oct
650 _aEducational sciences
773 _aUniversity News
908 _aN
909 _a84023
999 _c84023
_d84023